The Courage to be Disliked: How to free yourself, change your life and achieve real happiness (Record no. 13910)
[ view plain ]
| 000 -LEADER | |
|---|---|
| fixed length control field | 00353nam a22001217a 4500 |
| 020 ## - INTERNATIONAL STANDARD BOOK NUMBER | |
| ISBN | 978176063492 |
| 082 ## - DEWEY DECIMAL CLASSIFICATION NUMBER | |
| Classification number | 150 |
| 100 ## - MAIN ENTRY--AUTHOR NAME | |
| Personal name | Ichiro Kishimi & Fumitake Koga |
| 245 ## - TITLE STATEMENT | |
| Title | The Courage to be Disliked: How to free yourself, change your life and achieve real happiness |
| 260 ## - PUBLICATION, DISTRIBUTION, ETC. (IMPRINT) | |
| Place of publication | Australia |
| Name of publisher | Allen & Unwin |
| Year of publication | 2017 |
| 300 ## - PHYSICAL DESCRIPTION | |
| Number of Pages | 237 pages |
| 942 ## - ADDED ENTRY ELEMENTS (KOHA) | |
| Koha item type | Books |
| Withdrawn status | Lost status | Collection code | Permanent Location | Current Location | Shelving location | Date acquired | Full call number | Accession Number | Koha item type |
|---|---|---|---|---|---|---|---|---|---|
| | | Psychology | MAJU | MAJU | Shelf No.B35 | 2024-05-21 | 150 | 11009 | Books |